Probabilistic Graphical Models : 7th European Workshop, PGM 2014, Utrecht,The Netherlands, September 17-19, 2014 : Proceedings /
Selección de ponencias presentadas en el séptimo Taller Internacional sobre Modelos Gráficos Probabilísticos, celebrado en Utrecht, Holanda, en septiembre de 2014. Los artículos abordan temas como la inferencia en modelos gráficos probabilísticos, el aprendizaje de modelos gráficos probabilísticos y...
שמור ב:
| מחבר תאגידי: | |
|---|---|
| מחברים אחרים: | , |
| פורמט: | Procedimiento de la conferencia ספר |
| שפה: | אנגלית |
| יצא לאור: |
Cham, Suiza :
Springer,
2014, c2014
|
| סדרה: | (Lecture Notes in Computer Science ; Lecture Notes in Artificial Intelligence)
8754. |
| נושאים: | |
| גישה מקוונת: | Ver documento en línea |
| תגים: |
אין תגיות, היה/י הראשונ/ה לתייג את הרשומה!
|
MARC
| LEADER | 00000nam^a2200000^a^4500 | ||
|---|---|---|---|
| 001 | 000566837 | ||
| 005 | 20251023000000.0 | ||
| 009 | 20260310132115.95 | ||
| 020 | |a 978-3-319-11433-0 | ||
| 037 | |a Acervo ITESO - Biblioteca | ||
| 041 | |a ING | ||
| 082 | |a Libro en línea | ||
| 111 | |a International Workshop on Probabilistic Graphical Models ( |n 7° : |d 2014 : |c Utrecht, Holanda) | ||
| 245 | 1 | 0 | |a Probabilistic Graphical Models : |b 7th European Workshop, PGM 2014, Utrecht,The Netherlands, September 17-19, 2014 : Proceedings / |c Ed. de L.C. van der Gaag, A.J. Feelders. |
| 264 | 4 | |a Cham, Suiza : |b Springer, |c 2014, c2014 | |
| 264 | 2 | |a Cham, Suiza : |b Springer Link [distribución], |c 2014 | |
| 300 | |a 1 libro electrónico en línea (XII, 598 p.) | ||
| 300 | |a 1 recurso en línea | ||
| 336 | |a datos para computadora |b cod |2 rdacontenido | ||
| 337 | |a computadora |b c |2 rdamedio | ||
| 338 | |a recurso en línea |b cr |2 rdasoporte | ||
| 440 | 1 | |a (Lecture Notes in Computer Science ; |v 8754. |p Lecture Notes in Artificial Intelligence) | |
| 506 | 0 | |a Licencias ilimitadas | |
| 520 | |a Selección de ponencias presentadas en el séptimo Taller Internacional sobre Modelos Gráficos Probabilísticos, celebrado en Utrecht, Holanda, en septiembre de 2014. Los artículos abordan temas como la inferencia en modelos gráficos probabilísticos, el aprendizaje de modelos gráficos probabilísticos y la causalidad en modelos gráficos probabilísticos; también se presenta un panorama de la utilización de modelos gráficos probabilísticos en diferentes campos, como la visión por computadora, el procesamiento del lenguaje natural, la bioinformática y la economía. | ||
| 649 | |a XX | ||
| 650 | |a Lenguajes Naturales de Programación | ||
| 650 | |a Reconocimiento de Patrones | ||
| 650 | |a Cómputo Evolutivo | ||
| 650 | |a Visión por Computadora | ||
| 650 | |a Minería de Datos | ||
| 650 | |a Inteligencia Artificial | ||
| 650 | |a Modelos Matemáticos - |x Congresos - |x Tema Principal | ||
| 650 | |a Autómatas Matemáticos - |x Teoría | ||
| 650 | |a Teoría de Grafos | ||
| 650 | |a Probabilidad | ||
| 650 | |a Ingeniería Computacional | ||
| 650 | |a Matemáticas | ||
| 700 | |a Gaag, Linda C. van der |e (edición) | ||
| 700 | |a Feelders, Ad J. |e (edición) | ||
| 856 | 4 | 0 | |u https://link-springer-com.ezproxy.iteso.mx/10.1007/978-3-319-11433-0 |y Ver documento en línea |
| 910 | |a Fondo General | ||
| 920 | |a Electrónicos - Libros en Línea | ||
| 930 | |a Plataforma Digital | ||
| 905 | |a 205 | ||
| 901 | |a 566837-1 |b IT2 |c EBO |i C172346 |u 20250521 | ||
| 902 | |a https://opac.biblio.iteso.mx/vufind/Record/000566837 | ||